[Event "Stay Safe Play From Home 200"]
[Site "T#646566Emanuel Laske"]
[Date "2020.06.04"]
[Round "3"]
[White "SoulofWolf"]
[Black "Mepe_Nika"]
[Result "1-0"]
[WhiteElo "2127"]
[BlackElo "2315"]
[Annotator "TA"]
[PlyCount "137"]
[EventDate "2020.06.04"]
[EventType "swiss (blitz)"]

{[%evp 10,137,21,0,0,-18,-10,-41,49,30,46,45,48,42,83,53,65,69,86,69,133,59,136,125,148,130,139,108,160,149,128,-35,161,166,185,181,184,175,177,165,170,135,141,141,178,178,161,156,152,139,153,142,166,156,234,200,199,173,228,-125,0,0,262,256,353,331,1179,1190,1188,1185,29968,29970,29987,1560,1417,1300,1347,1383,1374,1256,29976,9170,29991,1750,29986,29987,29990,29990,29996,29991,29993,29994,29995,29993,29993,29994,29994,29994,29995,29996,29999,29996,29996,29996,29996,29997,29997,29997,29997,29997,29997,29996,29996,29996,29996,29996,29997,29996,29997,29997,29997,29997,29997,29996,29996,29997,29998,29998,29998,29999]} 1. c4 c6 2. Nc3 d5 3. e3 Nf6 4. d4 e6 5. Nf3 Nbd7 6. b3 Bb4 {D45: Semi-Slav: 5 e3.} 7. Qc2 Ne4 8. Bb2 (8. Bd2 $5) 8... f5 {[#]} (8... Qa5 $15 9. Rc1 Ndf6) 9. a3 $146 ({Predecessor:} 9. Bd3 O-O 10. O-O Bd6 11. a4 Qe7 12. c5 Bc7 13. b4 g5 14. Ne2 Qg7 15. g3 {1-0 (44) Zubov,Y-Dymko,K (1864) Krasnoyarsk 2017}) 9... Bxc3+ 10. Bxc3 Qf6 11. Bd3 g5 12. Ne5 Nxe5 13. dxe5 Qg6 14. Bb2 {cxd5 is the strong threat.} g4 ({Better is} 14... Qh5 $14) 15. b4 (15. cxd5 $16 exd5 16. f3) 15... h5 (15... Qh5 $14) 16. O-O-O Bd7 17. f3 Ng5 18. Rdf1 O-O (18... Rg8 $142) 19. Kb1 $16 a5 20. b5 $2 (20. bxa5 $16 {Strongly threatening h3.} Rxa5 21. h3) 20... a4 $2 (20... dxc4 $15 {keeps the upper hand.} 21. Qxc4 cxb5) 21. b6 Ra5 22. c5 Raa8 23. Bc3 Qh6 24. Bd2 Qg7 25. Qc1 Nf7 26. f4 Nh6 27. g3 Kf7 28. h3 Ke7 29. Ka2 Rh8 30. Bc2 Ng8 31. Qd1 Nh6 (31... gxh3 $16 {was called for.} 32. Rxh3 Be8) 32. Bxa4 gxh3 33. Rxh3 Ng4 (33... Qg4 $142 34. Rhh1 Be8) 34. Rfh1 $2 (34. Bc2 $18) 34... Qg6 (34... Nf2 $17 35. Qe1 Nxh3) 35. Bc2 Rag8 $2 {[%mdl 8192] White stays focused until the end.} (35... Nf2 $11 36. Qe1 Nxh3 37. Rxh3 Qg4) 36. Qe2 $18 h4 37. Be1 ({Resist} 37. Rxh4 Rxh4 38. Rxh4 (38. gxh4 Nh6 $18) 38... Qg7 $18) (37. gxh4 Qh5 $18) 37... hxg3 $2 (37... Kf7 38. a4 Qg7 39. Rxh4 Rxh4 40. Rxh4 (40. gxh4 Nxe3 41. Bd3 Qg4 $16) 40... Qf8) 38. Rxh8 Rxh8 39. Rxh8 g2 40. Qxg2 Qg7 41. Rh3 (41. Qh3 $142 Be8 42. Qh4+ Kf7 43. Rh7 d4 44. Bb3 Kg8 45. Rxg7+ Kxg7 46. exd4) 41... Be8 42. Rg3 Bg6 43. Bd1 Bh5 44. Bf3 Qg6 45. Qh3 (45. Qh1 $142 Kf8 46. Rh3 Nh6 47. Bxh5 Qg8 {[#]} 48. Bg6 $1 {[%mdl 512]} Nf7 49. Bxf7 Kxf7 50. Rh7+ Kf8 51. Rxb7) 45... Qg7 46. Rg1 (46. Qxh5 $142 Qf7 47. Qxf7+ Kxf7 48. Bxg4 fxg4 49. Rxg4 d4 50. exd4 Kf8 51. Bh4) 46... Qg6 47. Rh1 {White mates.} Nxe3 48. Qxh5 Qe8 49. Qxe8+ Kxe8 50. Rh7 Nc2 51. Bd2 Nd4 52. Bh5+ Kd8 53. Be3 Kc8 54. Bxd4 Kb8 55. Bf7 {[%cal Rh7h8]} Kc8 56. Bxe6+ {[%mdl 64] [#] Double Attack} Kd8 57. Bxf5 Ke8 58. Bg4 Kd8 59. Bf3 Ke8 60. Rg7 Kf8 61. Rc7 Ke8 62. a4 Kd8 63. a5 Ke8 64. f5 Kd8 65. a6 {[%mdl 64] Promotion} bxa6 66. Rg7 Kc8 67. f6 Kb8 68. Re7 Kc8 69. f7 {Accuracy: White = 65%, Black = 46%.} 1-0

[Event "Stay Safe Play From Home 200"]
[Site "T#646566Emanuel Laske"]
[Date "2020.06.04"]
[Round "3"]
[White "Lamborghini"]
[Black "Haxhi Baha"]
[Result "1-0"]
[WhiteElo "2092"]
[BlackElo "2015"]
[Annotator "TA"]
[PlyCount "99"]
[EventDate "2020.06.04"]
[EventType "swiss (blitz)"]

{[%evp 23,99,0,19,20,30,0,18,24,105,82,87,83,95,0,0,0,1,0,-14,-11,143,0,470,612,577,561,797,534,777,807,1090,963,1664,1677,1989,1864,2090,2076,1913,1724,1874,1785,2090,1984,2059,2029,1941,1819,29986,29987,29993,29987,29986,29971,5717,5431,29977,29978,29981,29982,29982,29983,29983,29984,29984,29985,29985,29986,29988,29982,29982,29983,29986,29986,29986,29987,29994,29995]} 1. e4 e6 2. d4 d5 3. Nc3 Nf6 4. Bg5 Be7 5. e5 Nfd7 6. Bxe7 Qxe7 7. f4 a6 8. Nf3 c5 9. Qd2 Nc6 10. dxc5 Qxc5 11. Bd3 b5 12. O-O-O Nb6 13. Kb1 {C14: French: Classical System: 4 Bg5 Be7 main line.} Rb8 14. Rhf1 {[#]} b4 $146 ({Predecessor:} 14... Qe7 15. Qe1 g6 16. Ne2 O-O 17. Ned4 Nxd4 18. Nxd4 Qc5 19. Nb3 Qe7 20. h4 Nc4 {1-0 (40) Gavrijski,D (2159)-Beavan,R (1844) ICCF email 2009}) 15. Ne2 {The position is equal.} Bd7 (15... Nc4 $11 {remains equal.} 16. Bxc4 Qxc4) 16. h4 (16. Bxa6 $6 Na4 $11) 16... O-O 17. b3 (17. Bxa6 Ra8 $17) 17... a5 18. Ng5 (18. g4 $16) 18... h6 $11 19. Nh7 Rfc8 20. g4 a4 21. g5 {Threatens to win with gxh6.} h5 $2 {[#]} (21... axb3 $11 22. cxb3 Nc4 $1 {[%mdl 512]} 23. Bxc4 (23. bxc4 b3 $15) 23... dxc4 24. Nf6+ (24. Qxd7 cxb3 25. axb3 Ra8 $17) 24... gxf6 25. gxf6 Kh8) 22. g6 {White now steadily converts the win.} (22. Nf6+ $1 $16 {[%mdl 512]} Kf8 (22... gxf6 23. gxf6) 23. Nxd7+ (23. Nxh5 d4 $14) 23... Nxd7 24. f5 (24. bxa4 Nb6 $17)) 22... axb3 $2 {[%mdl 8192]} (22... fxg6 $11 {and Black has nothing to worry.} 23. Bxg6 Ne7) 23. gxf7+ $18 Kxf7 {Strongly threatening ...bxc2+.} 24. cxb3 Na5 {and the idea ...Nbc4 leaves Black hopeful.} 25. Ng5+ Ke7 26. f5 Nbc4 27. bxc4 Nxc4 28. Bxc4 Qxc4 29. f6+ gxf6 30. exf6+ Kd6 31. Nd4 Qc3 32. Nf7+ Kc5 33. Rc1 {[%mdl 64] Pin} Kb6 34. Rxc3 bxc3 35. Qc2 Kc5+ 36. Ka1 Kxd4 37. Rd1+ Kc5 38. Ne5 Kd6 39. Nxd7 Kxd7 40. Qh7+ {White mates.} Kd6 41. Qe7+ Ke5 42. Re1+ Kd4 43. Qxe6 c2 44. Qe5+ Kc5 {[#]} 45. Rc1 $1 Kb4 46. Qb2+ Ka5 47. Qd4 Rb1+ 48. Rxb1 cxb1=Q+ 49. Kxb1 Rc3 50. Qxc3+ {Accuracy: White = 80%, Black = 47%.} 1-0

[Event "Stay Safe Play From Home 200"]
[Site "T#646566Emanuel Laske"]
[Date "2020.06.04"]
[Round "3"]
[White "Lazieri3"]
[Black "Haris kollari 13"]
[Result "1-0"]
[WhiteElo "1963"]
[BlackElo "1658"]
[Annotator "NA RC"]
[PlyCount "81"]
[EventDate "2020.06.04"]
[EventType "swiss (blitz)"]

1. e4 {[%emt 0:00:02]} e6 {[%emt 0:00:00]} 2. Nc3 {[%emt 0:00:01]} d6 {[%emt 0:00:01]} 3. d4 {[%emt 0:00:01]} d5 {[%emt 0:00:02]} 4. exd5 {[%emt 0:00:01]} exd5 {[%emt 0:00:01]} 5. Nf3 {[%emt 0:00:00]} Bg4 {[%emt 0:00:01]} 6. Be3 {[%emt 0:00:00]} Bb4 {[%emt 0:00:02]} 7. Be2 {[%emt 0:00:01]} Nf6 {[%emt 0:00:01]} 8. Ne5 {[%emt 0:00:01]} Bxe2 {[%emt 0:00:02]} 9. Qxe2 {[%emt 0:00:00]} Ne4 {[%emt 0:00:01]} 10. Qd3 {[%emt 0:00:01]} f6 {[%emt 0:00:04]} 11. Nf3 {[%emt 0:00:02]} c6 {[%emt 0:00:01]} 12. O-O {[%emt 0:00:02]} Bxc3 {[%emt 0:00:03]} 13. bxc3 {[%emt 0:00:02]} Qa5 {[%emt 0:00:01]} 14. c4 {[%emt 0:00:02]} O-O {[%emt 0:00:02]} 15. cxd5 {[%emt 0:00:01]} cxd5 {[%emt 0:00:01]} 16. c4 {[%emt 0:00:01]} Nc6 {[%emt 0:00:02]} 17. cxd5 {[%emt 0:00:01]} Qxd5 {[%emt 0:00:01]} 18. Rfc1 {[%emt 0:00:03]} Rad8 {[%emt 0:00:02]} 19. h3 {[%emt 0:00:01]} Kh8 {[%emt 0:00:02]} 20. Rc2 {[%emt 0:00:04]} f5 {[%emt 0:00:01]} 21. Ng5 {[%emt 0:00:03]} h6 {[%emt 0:00:05]} 22. Nxe4 {[%emt 0:00:01]} fxe4 {[%emt 0:00:01]} 23. Qc4 {[%emt 0:00:01]} Qxc4 {[%emt 0:00:02]} 24. Rxc4 {[%emt 0:00:00]} Rd5 {[%emt 0:00:02]} 25. Rb1 {[%emt 0:00:02]} Rf7 {[%emt 0:00:01]} 26. a4 {[%emt 0:00:03]} Rfd7 {[%emt 0:00:01]} 27. Rd1 {[%emt 0:00:02]} a6 {[%emt 0:00:02]} 28. Kf1 {[%emt 0:00:01]} Kg8 {[%emt 0:00:01]} 29. Ke2 {[%emt 0:00:01]} Kf7 {[%emt 0:00:00]} 30. f3 {[%emt 0:00:01]} exf3+ {[%emt 0:00:02]} 31. Kxf3 {[%emt 0:00:00]} Ke6 {[%emt 0:00:03]} 32. g4 {[%emt 0:00:01]} Kd6 {[%emt 0:00:01]} 33. Bf4+ {[%emt 0:00:02]} Ke6 {[%emt 0:00:02]} 34. Re1+ {[%emt 0:00:00]} Kf6 {[%emt 0:00:01]} 35. h4 {[%emt 0:00:02]} Nxd4+ {[%emt 0:00:01]} 36. Rxd4 {[%emt 0:00:01]} Rxd4 {[%emt 0:00:01]} 37. g5+ {[%emt 0:00:00]} hxg5 {[%emt 0:00:01]} 38. Bxg5+ {[%emt 0:00:01]} Kf5 {[%emt 0:00:01]} 39. Rf1 {[%emt 0:00:02]} Rd3+ {[%emt 0:00:00]} 40. Ke2+ {[%emt 0:00:00]} Kg6 {[%emt 0:00:00]} 41. h5+ {[%emt 0:00:01] Time (Lag: Av=0.49s, max=0.8s)} 1-0

[Event "Stay Safe Play From Home 200"]
[Site "T#646566Emanuel Laske"]
[Date "2020.06.04"]
[Round "3"]
[White "Greblah"]
[Black "Mamba2001de"]
[Result "1-0"]
[WhiteElo "1946"]
[BlackElo "1435"]
[Annotator "NA RC"]
[PlyCount "59"]
[EventDate "2020.06.04"]
[EventType "swiss (blitz)"]

1. e4 {[%emt 0:00:01]} e6 {[%emt 0:00:01]} 2. Qe2 {[%emt 0:00:01]} d6 {[%emt 0:00:01]} 3. d4 {[%emt 0:00:02]} Be7 {[%emt 0:00:01]} 4. Nc3 {[%emt 0:00:01]} Nc6 {[%emt 0:00:01]} 5. Be3 {[%emt 0:00:04]} Nf6 {[%emt 0:00:01]} 6. f3 {[%emt 0:00:02]} Bd7 {[%emt 0:00:01]} 7. Nh3 {[%emt 0:00:01]} O-O {[%emt 0:00:01]} 8. Nf2 {[%emt 0:00:01]} Ne8 {[%emt 0:00:01]} 9. g3 {[%emt 0:00:01]} f5 {[%emt 0:00:01]} 10. Bg2 {[%emt 0:00:01]} fxe4 {[%emt 0:00:02]} 11. Nfxe4 {[%emt 0:00:01]} d5 {[%emt 0:00:01]} 12. Nd2 {[%emt 0:00:02]} Nb4 {[%emt 0:00:02]} 13. Nb3 {[%emt 0:00:03]} Nc6 {[%emt 0:00:01]} 14. O-O {[%emt 0:00:01]} Bf6 {[%emt 0:00:01]} 15. Rad1 {[%emt 0:00:03]} Nd6 {[%emt 0:00:01]} 16. Nc5 {[%emt 0:00:01]} Nc4 {[%emt 0:00:02]} 17. Nxd7 {[%emt 0:00:02]} Qxd7 {[%emt 0:00:01]} 18. b3 {[%emt 0:00:01]} Nxe3 {[%emt 0:00:02]} 19. Qxe3 {[%emt 0:00:01]} Nb4 {[%emt 0:00:14]} 20. Rd2 {[%emt 0:00:03]} Nc6 {[%emt 0:00:01]} 21. Bh3 {[%emt 0:00:01]} Rae8 {[%emt 0:00:03]} 22. Re1 {[%emt 0:00:01]} Nd8 {[%emt 0:00:02]} 23. Ne2 {[%emt 0:00:02]} Qc6 {[%emt 0:00:04]} 24. c3 {[%emt 0:00:01]} h6 {[%emt 0:00:03]} 25. Nf4 {[%emt 0:00:01]} Bg5 {[%emt 0:00:02]} 26. Qe5 {[%emt 0:00:03]} Qd6 {[%emt 0:00:04]} 27. Bxe6+ {[%emt 0:00:01]} Kh8 {[%emt 0:00:02]} 28. h4 {[%emt 0:00:03]} Bxf4 {[%emt 0:00:02]} 29. gxf4 {[%emt 0:00:01]} Qxe5 {[%emt 0:00:01]} 30. fxe5 {[%emt 0:00:02] Zeit (Lag: Av=0.32s, max=1.0s)} 1-0

[Event "Stay Safe Play From Home 200"]
[Site "T#646566Emanuel Laske"]
[Date "2020.06.04"]
[Round "3"]
[White "KLIND"]
[Black "Castlingarrocco"]
[Result "0-1"]
[WhiteElo "1866"]
[BlackElo "1993"]
[Annotator "TA"]
[PlyCount "60"]
[EventDate "2020.06.04"]
[EventType "swiss (blitz)"]

{[%evp 9,59,5,37,63,127,139,131,60,87,52,47,45,72,0,126,0,8,0,0,-54,-56,-61,139,116,314,-386,-1,-382,-383,-394,-392,-408,-322,-319,-296,-454,-460,-468,-397,-401,-384,-514,-497,-536,-522,-645,-554,-508,-504,-29998,-29999,-29999]} 1. e4 Nc6 2. Nf3 d6 3. Nc3 Bg4 4. d4 e5 5. dxe5 Bxf3 6. Qxf3 {C46: 3 Nc3: Unusual Black 3rd moves.} Nxe5 ({Black should try} 6... Nd4 $14 7. Qd3 dxe5) 7. Qg3 Nf6 {[#]} 8. Bd3 $146 (8. Be3 $16) ({Predecessor:} 8. f4 Ng6 9. Be3 Be7 10. O-O-O Nd7 11. Bc4 a6 12. Kb1 c6 13. Bd3 Bf6 14. e5 dxe5 {1-0 (58) Pham,M-Tran,N Singapore 2002}) 8... g6 9. O-O Bg7 10. Bg5 O-O 11. Nd5 ({Better is} 11. Qh4 $16) 11... h6 (11... c6 $11 12. Bxf6 Bxf6 13. Nxf6+ Qxf6) 12. Bxf6 (12. Nxf6+ $16 Bxf6 13. Bxh6) 12... Bxf6 $11 13. f4 Nxd3 14. cxd3 (14. Qxd3 $11 Bg7 15. c3) 14... Bxb2 $15 15. Rab1 Bg7 $2 {[#]} (15... Bd4+ $15 16. Kh1 Rb8) 16. Rxb7 $16 c6 $2 (16... Kh8 $16 {is a better defense.} 17. Kh1 (17. Rxc7 Rc8 $16) (17. Nxc7 Rb8 $14) 17... Rc8) 17. Nc3 $4 {[%mdl 8192]} (17. Ne7+ $18 {is the narrow road to win.} Kh7 18. f5 gxf5 19. exf5 (19. Nxf5 Be5 $18)) 17... Qc8 $2 (17... Bxc3 $19 18. Rfb1 Bd4+ 19. Kh1 Qf6) 18. Rfb1 $2 {[%mdl 8192]} (18. Rb3 $11 {and White is okay.}) 18... Bxc3 $19 19. Kh1 Bg7 20. f5 g5 21. Qxd6 Qd8 22. Qxc6 (22. Rd7 $142 Rb8 23. Rxb8 Qxb8 24. Qxb8 Rxb8 25. g3) 22... Qxd3 23. Qd5 Qxd5 24. exd5 Rad8 25. Rxa7 Rxd5 26. h3 Be5 27. a4 Bg3 {...Rfd8 is the strong threat.} 28. Rab7 Rfd8 {( -> ...Rd1+)} 29. R7b3 {[#]} (29. Rg1 $19) 29... Rd1+ {[%mdl 64] Back Rank} 30. Rxd1 Rxd1# {Accuracy: White = 29%, Black = 38%.} 0-1

[Event "Stay Safe Play From Home 200"]
[Site "T#646566Emanuel Laske"]
[Date "2020.06.04"]
[Round "3"]
[White "Matanant"]
[Black "Fischer_11"]
[Result "0-1"]
[WhiteElo "1635"]
[BlackElo "2030"]
[Annotator "NA RC"]
[PlyCount "64"]
[EventDate "2020.06.04"]
[EventType "swiss (blitz)"]

1. b3 {[%emt 0:00:02]} d5 {[%emt 0:00:01]} 2. Bb2 {[%emt 0:00:00]} c5 {[%emt 0:00:00]} 3. e3 {[%emt 0:00:01]} Nc6 {[%emt 0:00:00]} 4. f4 {[%emt 0:00:00]} Bg4 {[%emt 0:00:01]} 5. Nf3 {[%emt 0:00:00]} Nf6 {[%emt 0:00:02]} 6. Bb5 {[%emt 0:00:01]} e6 {[%emt 0:00:01]} 7. Bxc6+ {[%emt 0:00:03]} bxc6 {[%emt 0:00:00]} 8. O-O {[%emt 0:00:01]} Be7 {[%emt 0:00:20]} 9. d3 {[%emt 0:00:01]} O-O {[%emt 0:00:01]} 10. Nbd2 {[%emt 0:00:01]} Nd7 {[%emt 0:00:00]} 11. Qe1 {[%emt 0:00:02]} Bf6 {[%emt 0:00:00]} 12. c3 {[%emt 0:00:01]} a5 {[%emt 0:00:02]} 13. a4 {[%emt 0:00:03]} Rb8 {[%emt 0:00:01]} 14. e4 {[%emt 0:00:01]} dxe4 {[%emt 0:00:02]} 15. dxe4 {[%emt 0:00:02]} Nb6 {[%emt 0:00:03]} 16. e5 {[%emt 0:00:01]} Be7 {[%emt 0:00:01]} 17. h3 {[%emt 0:00:07]} Bf5 {[%emt 0:00:02]} 18. g3 {[%emt 0:00:02]} Nd5 {[%emt 0:00:02]} 19. g4 {[%emt 0:00:01]} Bc2 {[%emt 0:00:01]} 20. c4 {[%emt 0:00:08]} Nb4 {[%emt 0:00:03]} 21. Qe3 {[%emt 0:00:02]} Qd3 {[%emt 0:00:03]} 22. Qxd3 {[%emt 0:00:02]} Nxd3 {[%emt 0:00:00]} 23. Bc3 {[%emt 0:00:05]} Nxf4 {[%emt 0:00:02]} 24. Bxa5 {[%emt 0:00:02]} Nxh3+ {[%emt 0:00:02]} 25. Kg2 {[%emt 0:00:04]} Nf4+ {[%emt 0:00:00]} 26. Kg3 {[%emt 0:00:01]} Ne2+ {[%emt 0:00:01]} 27. Kf2 {[%emt 0:00:00]} Nd4 {[%emt 0:00:00]} 28. Rfc1 {[%emt 0:00:01]} Bxb3 {[%emt 0:00:02]} 29. Rc3 {[%emt 0:00:00]} Bxa4 {[%emt 0:00:02]} 30. Rxa4 {[%emt 0:00:02]} f6 {[%emt 0:00:01]} 31. Bc7 {[%emt 0:00:00]} Rbc8 {[%emt 0:00:01]} 32. Ne4 {[%emt 0:00:00]} fxe5 {[%emt 0:00:01] Time (Lag: Av=0.52s, max=1.9s)} 0-1

[Event "Stay Safe Play From Home 200"]
[Site "T#646566Emanuel Laske"]
[Date "2020.06.04"]
[Round "3"]
[White "Edmatuag"]
[Black "Trotsky"]
[Result "0-1"]
[WhiteElo "1631"]
[BlackElo "1585"]
[Annotator "NA RC"]
[PlyCount "46"]
[EventDate "2020.06.04"]
[EventType "swiss (blitz)"]

1. e4 {[%emt 0:00:02]} c5 {[%emt 0:00:01]} 2. Nf3 {[%emt 0:00:00]} e6 {[%emt 0:00:01]} 3. d3 {[%emt 0:00:00]} d5 {[%emt 0:00:01]} 4. h3 {[%emt 0:00:00]} Nc6 {[%emt 0:00:01]} 5. e5 {[%emt 0:00:01]} Qc7 {[%emt 0:00:01]} 6. Bf4 {[%emt 0:00:01]} Bd7 {[%emt 0:00:01]} 7. Nbd2 {[%emt 0:00:02]} O-O-O {[%emt 0:00:01]} 8. g4 {[%emt 0:00:02]} f6 {[%emt 0:00:02]} 9. Qe2 {[%emt 0:00:03]} g5 {[%emt 0:00:02]} 10. Bg3 {[%emt 0:00:03]} Bd6 {[%emt 0:00:04]} 11. exd6 {[%emt 0:00:02]} Qb6 {[%emt 0:00:03]} 12. c4 {[%emt 0:00:03]} d4 {[%emt 0:00:02]} 13. Bg2 {[%emt 0:00:01]} e5 {[%emt 0:00:01]} 14. O-O {[%emt 0:00:01]} f5 {[%emt 0:00:01]} 15. gxf5 {[%emt 0:00:02]} Bxf5 {[%emt 0:00:02]} 16. Nxg5 {[%emt 0:00:00]} Nf6 {[%emt 0:00:02]} 17. Nf7 {[%emt 0:00:01]} h5 {[%emt 0:00:02]} 18. Nxh8 {[%emt 0:00:02]} Rxh8 {[%emt 0:00:01]} 19. Bxc6 {[%emt 0:00:01]} Qxc6 {[%emt 0:00:03]} 20. Qxe5 {[%emt 0:00:00]} Ng4 {[%emt 0:00:02]} 21. hxg4 {[%emt 0:00:02]} hxg4 {[%emt 0:00:01]} 22. Qxf5+ {[%emt 0:00:02]} Kb8 {[%emt 0:00:01]} 23. Qf6 {[%emt 0:00:01]} Qh1# {[%emt 0:00:01] (Lag: Av=0.36s, max=0.5s)} 0-1

[Event "Stay Safe Play From Home 200"]
[Site "T#646566Emanuel Laske"]
[Date "2020.06.04"]
[Round "3"]
[White "Tobo Rubirosa"]
[Black "Little champs"]
[Result "0-1"]
[WhiteElo "1433"]
[BlackElo "2259"]
[Annotator "TA"]
[PlyCount "50"]
[EventDate "2020.06.04"]
[EventType "swiss (blitz)"]

{[%evp 9,50,4,343,349,350,344,402,390,424,432,432,404,438,395,399,320,355,337,420,139,120,115,103,54,66,-4,22,12,23,0,0,0,0,0,0,0,0,-12,-9,-14,0,-58,0]} 1. Nf3 c6 2. d4 d5 3. c4 Nf6 4. Qc2 e6 5. g3 {[#]} Bc5 $146 {[%mdl 8192] [#]} (5... b6 $11) ({Predecessor:} 5... dxc4 6. Qxc4 b5 7. Qb3 Bb7 8. Bg2 Nbd7 9. O-O Be7 10. Bg5 O-O 11. Ne5 Nxe5 12. dxe5 Nd5 13. Bxe7 Qxe7 14. Nd2 Qc7 15. Ne4 Qxe5 16. Nc5 Qc7 {0-1 (54) Cheparinov,I (2686)-Sjugirov,S (2675) chess.com INT 2020}) 6. dxc5 $18 {D30: Queen's Gambit Declined: Systems without Nc3.} O-O 7. Bg2 Nbd7 8. O-O {White is winning.} Nxc5 9. cxd5 Qxd5 10. Bg5 Nce4 {[%cal Bc5e4,Be4f6,Bf6d5][%mdl 32]} 11. Bxf6 Nxf6 12. Nc3 Qh5 13. Ne4 Nd5 14. Nfg5 $2 {[#]} (14. Nd6 $18) 14... f5 $16 15. Bf3 Qg6 16. Nxe6 (16. h4 {is more complex.} h6 17. Rac1 Rd8 18. Rfd1 Qe8 19. Bg2) 16... Bxe6 17. Nc3 ({White should try} 17. Nc5 $1 $14) 17... Rad8 18. Nxd5 Bxd5 19. Bxd5+ Rxd5 20. Rad1 Rfd8 21. Rxd5 Rxd5 22. Qb3 Qf7 23. e4 fxe4 24. Qe3 Re5 25. Re1 (25. Qxa7 $11 h6 26. Re1) 25... h6 {[%mdl 32768] Black defended with fortune. Accuracy: White = 60%, Black = 58%. . Loss on time!?} (25... Qxa2 $15 26. Rd1 Rd5) 0-1

[Event "Stay Safe Play From Home 200"]
[Site "T#646566Emanuel Laske"]
[Date "2020.06.04"]
[Round "4"]
[White "Little champs"]
[Black "Greblah"]
[Result "1-0"]
[WhiteElo "2259"]
[BlackElo "1948"]
[Annotator "TA"]
[PlyCount "125"]
[EventDate "2020.06.04"]
[EventType "swiss (blitz)"]

{[%evp 13,125,27,45,15,26,0,-16,-15,33,12,21,22,31,29,31,-7,-2,-30,0,-89,-87,-159,-152,-362,-366,-351,-359,-326,-215,-226,-222,-208,-188,-276,-20,-27,-47,-134,0,-41,0,0,0,-2,0,0,0,0,28,0,0,0,29996,0,0,0,0,0,0,0,0,0,0,0,0,0,0,0,0,0,0,0,0,0,0,-29995,-29996,-29996,0,0,0,0,0,0,0,0,0,-12,-12,-12,2258,8,29971,1380,29985,29986,29992,29993,29993,29990,29995,29994,29995,29993,29996,29994,29994,29995,29995,29994,29994,-29981,29990,29988]} 1. d4 c6 2. e3 d5 3. Nf3 Nf6 4. Be2 g6 5. O-O Bg7 6. c4 O-O 7. Nc3 e6 8. cxd5 {D94: Grünfeld: 4 Nf3 Bg7 5 e3.} exd5 9. Ne5 Nbd7 {[#]} 10. f4 $146 {The position is equal.} ({Predecessor:} 10. Nd3 Qe7 11. b3 Re8 12. a4 a5 13. Ba3 Qd8 14. Rc1 Nf8 15. Ne5 N6d7 16. Nxd7 Bxd7 {1-0 (58) Larsen,F (1824)-Strachan,C (1912) Odder 2019}) 10... Nxe5 11. fxe5 Ne4 12. Nxe4 dxe4 13. Qc2 Bf5 14. g4 Be6 15. Qxe4 Bd5 16. Qf4 (16. Qd3 $11 {keeps the balance.}) 16... f6 $1 $36 {[%cal Rf6e5][%mdl 2048] Keeping White busy.} 17. Qg3 (17. exf6 $142 Bxf6 18. Bd2) 17... fxe5 18. dxe5 $2 (18. Rxf8+ $17 {keeps fighting.} Qxf8 19. Bd3) 18... Qe7 $19 19. Bd2 Bxe5 {[%mdl 64] Double Attack} 20. Qh3 Be6 21. Bc3 Bxc3 22. bxc3 Rxf1+ 23. Rxf1 (23. Bxf1 {was necessary.} Qc5 24. c4) 23... Rf8 $2 (23... Bxa2 $19 {aiming for ...a5.} 24. Qg3 a5) 24. Rxf8+ $1 $11 Qxf8 25. Qg2 (25. a4 $15) 25... Qf6 (25... Bxa2 $17 {Hoping for ...Qc5.} 26. Qe4 Bf7) 26. Qe4 Bd5 27. Qe8+ Kg7 28. Qd7+ Kh6 29. c4 Be4 30. Qe8 Bc2 31. e4 (31. h4 $5 {[%cal Rg4g5]} g5 32. h5 $11) 31... b5 32. e5 Qg7 $2 {[%mdl 8192]} (32... Qf4 $11) 33. e6 $2 (33. h4 Qh8 34. Qxh8 g5 35. hxg5+ Kxg5 36. Qf6#) 33... Qd4+ 34. Kf1 Qa1+ 35. Kg2 Be4+ 36. Kf2 {Intending Qf8+ and mate.} Qd4+ 37. Ke1 Qc3+ 38. Kf1 Qc1+ 39. Kf2 Qf4+ {[%mdl 64] Double Attack} 40. Ke1 Qc1+ 41. Bd1 Qe3+ 42. Be2 {Qf8+ is the strong threat.} Qg1+ 43. Kd2 Qd4+ {[%mdl 64] Double Attack} 44. Kc1 $2 {[%mdl 8192]} (44. Ke1 $11) 44... Qc3+ 45. Kd1 Qc2+ $2 (45... Bc2+ {mates} 46. Kc1 {[#]} Bd3+ $1 {[%mdl 576] Discovered Attack} 47. Kd1 Qc2+ $1 {[%mdl 576] Double Attack} 48. Ke1 Qxe2#) 46. Ke1 Qc1+ 47. Bd1 {Strongly threatening Qf8+.} Qf4 48. Qd7 Qe3+ 49. Be2 $1 {Threatens to win with e7.} Qc1+ 50. Qd1 Qxd1+ 51. Kxd1 {Black must now prevent e7.} bxc4 $2 {[%mdl 8192]} (51... Kg7 $11) 52. Bxc4 $2 {[%mdl 4096] Endgame KB-KB} (52. e7 $18 Bd5 53. e8=Q) 52... Bd5 $2 {[%mdl 8192]} (52... g5 $11) 53. e7 (53. Bxd5 $142 cxd5 54. e7 Kg5 55. e8=Q a6 56. Qd7 h5 57. gxh5 Kxh5 58. Qxd5+ Kh6 59. a4) 53... Bf3+ 54. Kd2 Bxg4 55. e8=Q Kg5 56. Qe3+ Kh4 57. Bd3 g5 58. Be2 h6 59. Bxg4 Kxg4 60. Qe4+ Kh5 61. Qxc6 Kg4 62. Qb6 $4 {[%mdl 8192]} (62. Qe6+ {and all is fine.} Kf3 63. Qf5+ Kg2 64. Ke3 Kh1 65. Kf2 a6 66. Qf3+ Kxh2 67. Qh5#) 62... Kf4 $4 {[%mdl 8192]} (62... axb6 {avoids the disaster.} 63. Ke2 Kh3 64. Kd3 Kxh2 65. Ke4 g4 66. Kf5 g3 67. Kf6 g2 68. Kg6 g1=Q+ 69. Kf7 h5 70. a4 h4 71. Ke7 h3 72. Ke6 Kg3 73. Kf7 h2 74. Kf8 Qc5+ 75. Kg8 h1=Q 76. a5 Qc7 77. axb6 Qa8#) 63. Qb7 {A wild game. Accuracy: White = 57%, Black = 60%.} 1-0